000 00408nam a2200157 i 4500
001 94783
003 ES-MaACL
005 20230906181544.0
007 t|
008 050516s1973 sp ||||1| spa d
100 1 _aLubich, Chiara.
_974499
245 1 0 _aSí, sí, no,no /
_cChiara Lubich.
260 _aMadrid :
_bCiudad Nueva,
_c1973.
300 _a206 p. ;
_c16 cm.
852 _aES-MaACL
_jC-54496
_bR.87140
999 _c94783
_d94783